=LDR 00000nam 2200000 4500 =001 INLIS000000000029374 =005 20201106092700 =035 ##$$a 0010-061300000029374 =008 201106################g##########0#ind## =041 ##$$a Ind =082 ##$$a 306.095 982 4 =090 ##$$a 306.095 982 4, Rak n =245 1#$$a Naskah Bandawasa /$c Dra. Amir Rochyatmo =260 ##$$a Jakarta :$b Depdikbud,$c 1993 =300 ##$$a 129 hlm, 21 cm ; $c 14 x 21 cm =850 ##$$a NBPNMAT =084 ##$$a 306.095 982 4 ROC n =100 1#$$a Rochyatmo, Amir =250 ##$$a cet. 1 =650 #4$$a Etnografi-Bandawasa =990 ##$$a 63.757/Hd.94 =990 ##$$a 63.756/Hd.94